Ganadores Red Bull Batalla México - Estadísticas

Estadísticas generales
  • Esta prueba ha sido intentada 75 veces
  • La puntuación promedio es 10 de 14
Estadísticas de respuestas
Año MC % Correcto
2014 Aczino
100%
2015 Aczino
100%
2017 Aczino
100%
2019 Lobo Estepario
88%
2018 Rapder
88%
2020 Rapder
88%
2013 Jony Beltrán
73%
2016 Jony Beltrán
73%
2008 Hadrian
70%
2022 Yoiker
64%
2023 Yoiker
64%
2021 Skiper
61%
2007 Eptos
25%
2006 T-Kila
16%
No se encontraron pruebas coincidentes
Distribución de puntuación
Porcentaje de gente con cada puntuación
Porcentaje por número respondido
Historial de tus puntuaciones
No has intentado esta prueba.